00631nam a22002057a 450000500170000001000130001702000260003003500130005603700160006904000120008508200130009710000260011024500900013626000450022627000700027130000230034150000190036465000300038365000120041320170124110236.0 aB-122163 a9788188237234c645.00 aB-122163 bCen Lib/Ret aDPLbEN a510bPAR aParthasarathy, Harish aHandbook of problems engineering mathemetics and physics /cby Harish Parthasarathy aNew DelhibI.k. International Pvt.c2005 aS-25, Green Park Extension Uphar Cinema MarketbNew Delhie110016 aix,816p.b23cm(Hb) aIncludes index aEngineering - Mathmatics aPhysics